| 000 | 00758nam a2200253Ia 4500 | ||
|---|---|---|---|
| 003 | OSt | ||
| 005 | 20221005025006.0 | ||
| 006 | a|||||r|||| 00| 0 | ||
| 007 | ta | ||
| 008 | 221004b |||||||| |||| 00| 0 ara d | ||
| 020 | _c225 | ||
| 024 | _a3817 | ||
| 037 |
_b112, 13/03/2008, Nadwi Publications _cTextual |
||
| 040 |
_aCRL _cCRL _bara |
||
| 041 |
_2ara _aara |
||
| 082 | _aO28wKg, P6 | ||
| 100 |
_aAl - Bawi Md. Mehmood _9581332 |
||
| 245 | 0 | _aAmaliqah al - adab al - arbi - al - muasir | |
| 260 |
_aCairo _bShirkat Dar Al - Arqim _c2006 |
||
| 300 |
_a136p. _ccm. |
||
| 650 |
_aLITERATURE ARABIC _9579494 |
||
| 942 |
_hO28wKg, P6 _cTEXL _2cc |
||
| 999 |
_c933925 _d933925 |
||